| 000 | 00620nam a22001937a 4500 | ||
|---|---|---|---|
| 999 |
_c17366 _d17366 |
||
| 003 | AR-CdUCM | ||
| 008 | 190307b ||||| |||| 00| 0 spa d | ||
| 040 |
_aMUNICIPALIDAD PROVINCIAL DEL CUSCO _cBIBLIOTECA MUNICIPAL DEL CUSCO |
||
| 082 |
_a848.71 / _bH88 |
||
| 100 |
_aHugo, Victor _911073 |
||
| 245 | _aLos Miserables / | ||
| 260 |
_aBarcelona : _bRamón sopena, _c1967. |
||
| 300 |
_aTomo II ; _c20 cm. |
||
| 505 | _aContenido : El idilio de la calle plumet -- Algunas páginas de historia -- Mal cocido... | ||
| 650 |
_aNovelas francesas _9571 |
||
| 650 |
_aLiteratura _983 |
||
| 942 |
_2ddc _cLIBROS |
||
| 945 | _arcc | ||